Statistics for Countries Closest to United Arab Emirates

Click here to take the quiz!

General Stats

  • This quiz has been taken 909 times
  • The average score is 17 of 20

Answer Stats

kmcountrymiles% Correct
0Oman0
99%
0Saudi Arabia0
99%
443Yemen275
99%
66Iran41
98%
683Iraq424
97%
32Qatar20
97%
1206India749
94%
529Pakistan329
93%
158Bahrain98
91%
560Kuwait348
91%
1488Jordan925
89%
1515Syria941
89%
627Afghanistan390
85%
1562Turkey971
78%
1234Somalia767
77%
1108Eritrea937
72%
1515Djibouti942
71%
1165Turkmenistan724
69%
1516Sudan942
60%
1540Azerbaijan957
56%

Score Distribution

Percentile by Number Answered

Percent of People with Each Score

Your Score History

You have not taken this quiz